Family businesses as a part of a business sphere

Charakteristické znaky rodinného podnikania. Financovanie rodinného podnikania. Rodinné podnikanie na Slovensku.

Salvato in:
Dettagli Bibliografici
Autore principale: Belanová, Katarína, 1978-
Natura: Capitolo di libro
Lingua:inglese
Soggetti:
Tags: Aggiungi Tag
Nessun Tag, puoi essere il primo ad aggiungerne!!

MARC

LEADER 00000nla a2200000 4500
001 0183237
005 20240502073131.3
041 0 |a eng 
044 |a SK 
245 1 0 |a Family businesses as a part of a business sphere  |c Katarína Belanová 
520 |a Charakteristické znaky rodinného podnikania. Financovanie rodinného podnikania. Rodinné podnikanie na Slovensku. 
610 2 0 |a podnikanie rodinné 
610 2 0 |a podnik malý 
610 2 0 |a podnik stredný 
610 2 0 |a financovanie 
610 2 0 |a financie 
610 2 0 |a Slovensko 
100 1 |a Belanová, Katarína, 1978-